000 00592nam a2200241 a 4500
001 nice12345678
003 IN_TiNIC
005 20260116011436.0
008 050524s1921 lona grp 000 0 eng
020 _a
_c100
082 0 0 _a228
_bCHA
100 _aCharles, R H
245 _aBook of Enoch.
260 _aLondon
_bSociety for Promoting Christian Knowledg
_c1921
300 _a154p
500 _aincludes index and biblioraphy
505 2 _aBiblio..., Index
650 _aApocalyptic Literature
700 1 _aCharles, R H
902 _bSRS
942 _cBK
999 _c1578
_d1578